| 000 | 00611nam a22001937a 4500 | ||
|---|---|---|---|
| 005 | 20100731150134.0 | ||
| 010 | _aENG-97552 | ||
| 020 |
_a9788190903233 _c350.00 |
||
| 035 | _aEN-81085 | ||
| 037 | _bDBAD/PUB | ||
| 082 | _aS | ||
| 100 |
_aCrane, Stephen _93992 |
||
| 245 |
_aThe monster / _cby Stephen Crane |
||
| 260 |
_aNew Delhi _bKutub Publication _c2009 |
||
| 270 |
_a33/1, Bhul Bhullian Road, Mehrauli _bNew Delhi _e110030 |
||
| 300 |
_a227p. _c22cm (Hb) |
||
| 942 |
_2ddc _cEN _hS _mCRA |
||
| 999 |
_c38444 _d38444 |
||